NHL Team Mascots - Statistics

General Stats
  • This quiz has been taken 26 times
    24 since last reset
  • The average score is 27 of 31
Answer Stats
Picture Answer % Correct
Minnesota Wild
100%
San Jose Sharks
100%
Boston Bruins
95%
Los Angeles Kings
95%
New Jersey Devils
95%
Toronto Maple Leafs
95%
Anaheim Ducks
90%
Buffalo Sabres
90%
Chicago Blackhawks
90%
Edmonton Oilers
90%
Florida Panthers
90%
Philadelphia Flyers
90%
Pittsburgh Penguins
90%
Seattle Kraken
90%
St. Louis Blues
90%
Utah Mammoth
90%
Carolina Hurricanes
86%
Colorado Avalanche
86%
Dallas Stars
86%
Detroit Red Wings
86%
Montreal Canadiens
86%
Tampa Bay Lightning
86%
Vancouver Canucks
86%
Winnipeg Jets
86%
Columbus Blue Jackets
81%
Nashville Predators
81%
New York Islanders
81%
Ottawa Senators
81%
Vegas Golden Knights
81%
Washington Capitals
81%
Calgary Flames
71%
No matching quizzes found
Score Distribution
Percent of People with Each Score
Percentile by Number Answered
Your Score History
You have not taken this quiz since the last reset